| 000 | 00785nam a2200241 a 4500 | ||
|---|---|---|---|
| 001 | BRCA_1999 | ||
| 005 | 20190320203630.0 | ||
| 008 | 120608s2010----mx-a######---#000-0#spa-# | ||
| 020 | _a9786074610406 | ||
| 041 | _aspa | ||
| 044 | _amx | ||
| 050 | 4 |
_aNC998 _b.T76 2010 |
|
| 100 | 1 |
_aTroconi, Giovanni _96131 |
|
| 245 | 1 | 0 |
_aDiseño gráfico en México _b100 años, 1900-2000 _cGiovanni Troconi ; Luis Almeida ... [et al.]. |
| 260 |
_aMéxico _bArtes de México _c2010 |
||
| 300 |
_a463 p. _bil. a color _c30 cm. |
||
| 440 | 0 |
_aArtes de la Mirada _96132 |
|
| 500 | _aIncluye índice onomástico e índice de publicaciones | ||
| 504 | _aBibliografía: p. 445-451 | ||
| 650 | 1 | 4 |
_aDiseño gráfico _xHistoria _ySiglo XX _zMéxico _96133 |
| 700 | 1 |
_aAlmeida, Luis _96134 |
|
| 942 |
_2lcc _cB |
||
| 999 |
_c1766 _d1766 |
||